Представление документа в формате RUSMARC

ПолеНазваниеЗначение
  Тип записи a
  Библиографический уровень m
001 Контрольный номер RU/УОНБ/EK_N/534594536
005 Дата корректировки 20240130235018.6
010 Индекс ISBN __
9 Тираж 100 экз.
013 Номер (ISMN) __
d Цена 411 р.
100 Данные общей обработки __
a Данные общей обработки 20161209d2014 u y0rusy0189||||ca
101 Язык документа 0_
a Язык текста rus
a Язык текста eng
a Язык текста ita
f Язык титульного листа rus
102 Страна публикации __
a Страна публикации RU
105 Кодированные данные (монография) __
a Кодированные данные (монография) y###||||000|y
125 Кодированные данные звукозаписи и нотных изданий __
a Форма изложения нотного текста с|
128 Кодированные данные (звукозаписи-физические характеристики) __
a Кодированные данные: Музыкальная форма и тональность или лад zz
c Инструменты или голоса, рекомендуемые для солистов (устаревшее) ka||
200 Заглавие и сведения об ответственности 1_
a Заглавие Популярная музыка
b Общее обозначение материала Ноты
e Сведения, относящиеся к заглавию стили и жанры
210 Выходные данные 1_
d Дата издания 2014
215 Физическое описание __
a Объем 104 с.
327 Примечание о содержании 11
a Примечание о содержании Содерж. : Пресли Э. Люби меня нежно = Love me tender. - Мендел Д. Тень твоей улыбки = The Shadow of your Smile. - Рид Л. - Мейсон Б. Последний вальс = The Last Waltz ; Дилайла = Delilah. - Миллер Э. - Вильямс Д.-Янд Р. Освободи меня = Release me. - Кемпферт Б. Путники в ночи = Strangers in the Night. - Рота Н. Время для нас = Time for Us : из кф. "Ромео и Джульетта". - Оливьеро Н. - Ортолани Р. Ещё больше = More. - Путман К. Зелёная, зелёная трава у дома = Green, Green Grass of Home. - Манчини Г. Лунная река = Moon River : из кф. "Завтрак у Тиффани". - Джон Э. Благословенный = Blessed. - Меркьюри Ф. Шоу должно продолжаться = The Show Must Go On. - Стинг. Англичанин в Нью-Йорке = Englishman in New York. - Модуньо Д. Летаю = Volare ; Дождь идёт = Piove. - Конте П. Небо голубое = Azzurro. - Кутуньо С. Часы = L'orologio ; Немного артист, немного нет = Un Po' Artista, Un Po' No ; Время уходит = Il Tempo Sei Ne Va ; Итальянец = L'italiano ; Одинокие = Soli ; Серенада = Serenata. - Аль Бано - Пауэр Р. Шаразан = Sharazan ; Это будет = Ci Sara ; Счастье = Felicita. - Коччианте Р. Прекрасная : из мюзикла "Собор Парижской Богоматери". - Неизвестный автор. Под небом Парижа. - Бонфа Л. Осенние песни дождей. - Жарр М. Вальс. - Легран М. Вернись на яву ; Буду ждать тебя ; Крылья мельниц. - Лей Ф. История любви : из кф. "История любви" ; Мелодия : из кф. "Эмманюэль" ; Мелодия : из кф. "Мужчина и женщина". - Лунги Ф. Прекрасна жизнь = La Vie En Rose. - Монно М. Гимн любви = Hymne a de L'amour. - Косма Ж. Опавшие листья = Les Feilles Mortes. - Лемарк Ф. Париж = A Paris. - Кутуньо С. - Лозито П. Бабье лето = L'ete Indien ; Если тебя не было бы = Et Si Tu N'existais Pas. - Дайхан В. Елисейские поля = Les Champs-Elysees. - Кристи Ф. Америка = Lamerive. - Кутуньо С. - Позито П. Привет! = Salut!
461 Уровень набора _0
1 001RU/УОНБ/EK_N/534593672
1 200
a Массовая музыкальная культура
b Ноты
e учеб. пособие
e [сб. перелож. попул. мелодий для фп. соло и фп. ансамбля]
e [для учащихся сред. и высш. учеб. заведений]
f сост. А. Веселова
g авт. вступ. ст., информ. Г. Овсянкина и Р. Шитикова
g авт. перелож. В. Дулова
g худож. А. Веселов
v Ч. 1
1 210
a Санкт-Петербург
c Союз художников
d 2014 -
464 Аналитический уровень _0
1 2001
a Люби меня нежно
d Love me tender
1 700 1
a Пресли
b Э.
464 Аналитический уровень _0
1 2001
a Тень твоей улыбки
d The Shadow of your Smile
e из кф. "Пляжная птичка"
1 700 1
a Мендел
b Д.
464 Аналитический уровень _0
1 2001
a Последний вальс
d The Last Waltz
1 700 1
a Рид
b Л.
1 700 1
a Мейсон
b Б.
464 Аналитический уровень _0
1 2001
a Освободи меня
d Release me
1 700 1
a Миллер
b Э.
1 700 1
a Вильямс
b Д.
1 700 1
a Янд
b Р.
464 Аналитический уровень _0
1 2001
a Путники в ночи
d Strangers in the Night
1 700 1
a Кемпферт
b Б.
464 Аналитический уровень _0
1 2001
a Время для нас
d Time for Us
e из кф. "Ромео и Джульетта"
1 700 1
a Рота
b Н.
1 50010
a Ромео и Джульетта
464 Аналитический уровень _0
1 2001
a Ещё больше
d More
1 700 1
a Оливьеро
b Н.
1 700 1
a Ортолани
b Р.
464 Аналитический уровень _0
1 2001
a Зелёная, зелёная трава у дома
d Green, Green Grass of Home
1 700 1
a Путман
b К.
464 Аналитический уровень _0
1 2001
a Лунная река
d Moon River
e из кф. "Завтрак у Тиффани"
1 700 1
a Манчини
b Г.
1 50010
a Завтрак у Тиффани
464 Аналитический уровень _0
1 2001
a Благословенный
d Blessed
1 700 1
a Джон
b Э.
464 Аналитический уровень _0
1 2001
a Шоу должно продолжаться
d The Show Must Go On
1 700 1
a Меркьюри
b Ф.
464 Аналитический уровень _0
1 2001
a Англичанин в Нью-Йорке
d Englishman in New York
1 700 1
a Стинг
464 Аналитический уровень _0
1 2001
a Летаю
d Volare
1 700 1
a Модуньо
b Д.
464 Аналитический уровень _0
1 2001
a Небо голубое
d Azzurro
1 700 1
a Конте
b П.
464 Аналитический уровень _0
1 2001
a Часы
d L'orologio
1 700 1
a Кутуньо
b С.
464 Аналитический уровень _0
1 2001
a Шаразан
d Sharazan
1 700 1
a Аль Бано
1 700 1
a Пауэр
b Р.
464 Аналитический уровень _0
1 2001
a Прекрасная
e из мюзикла "Собор Парижской Богоматери"
1 700 1
a Коччианте
b Р.
1 50010
a Собор Парижской Богоматери
464 Аналитический уровень _0
1 2001
a Под небом Парижа
1 700 1
a Неизвестный автор
464 Аналитический уровень _0
1 2001
a Осенние песни дождей
1 700 1
a Бонфа
b Л.
464 Аналитический уровень _0
1 2001
a Вальс
e из кф. "Доктор Живаго"
1 700 1
a Жарр
b М.
1 50010
a Доктор Живаго
464 Аналитический уровень _0
1 2001
a Вернись на яву
1 700 1
a Легран
b М.
464 Аналитический уровень _0
1 2001
a История любви
e из кф. "История любви"
1 700 1
a Лей
b Ф.
1 50010
a История любви
464 Аналитический уровень _0
1 2001
a Прекрасна жизнь
d La Vie En Rose
1 700 1
a Лунги
b Ф.
464 Аналитический уровень _0
1 2001
a Гимн любви
d Hymne a de L'amour
1 700 1
a Монно
b М.
464 Аналитический уровень _0
1 2001
a Опавшие листья
d Les Feilles Mortes
1 700 1
a Косма
b Ж.
464 Аналитический уровень _0
1 2001
a Париж
d A Paris
1 700 1
a Лемарк
b Ф.
464 Аналитический уровень _0
1 2001
a Бабье лето
d L'ete Indien
1 700 1
a Кутуньо
b С.
1 700 1
a Лозито
b П.
464 Аналитический уровень _0
1 2001
a Елисейские поля
d Les Champs-Elysees
1 700 1
a Дайхан
b В.
464 Аналитический уровень _0
1 2001
a Америка
d Lamerive
1 700 1
a Кристи
b Ф.
464 Аналитический уровень _0
1 2001
a Привет!
d Salut!
1 700 1
a Кутуньо
b С.
1 700 1
a Позито
b П.
464 Аналитический уровень _0
1 2001
a Дилайла
d Delilah
1 700 1
a Рид
b Л.
1 700 1
a Мейсон
b Б.
464 Аналитический уровень _0
1 2001
a Дождь идёт
d Piove
1 700 1
a Модуньо
b Д.
464 Аналитический уровень _0
1 2001
a Немного артист, немного нет
d Un Po' Artista, Un Po' No
1 700 1
a Кутуньо
b С.
464 Аналитический уровень _0
1 2001
a Время уходит
d Il Tempo Sei Ne Va
1 700 1
a Кутуньо
b С.
464 Аналитический уровень _0
1 2001
a Итальянец
d L'italiano
1 700 1
a Кутуньо
b С.
464 Аналитический уровень _0
1 2001
a Одинокие
d Soli
1 700 1
a Кутуньо
b С.
464 Аналитический уровень _0
1 2001
a Серенада
d Serenata
1 700 1
a Кутуньо
b С.
464 Аналитический уровень _0
1 2001
a Это будет
d Ci Sara
1 700 1
a Аль Бано
1 700 1
a Пауэр
b Р.
464 Аналитический уровень _0
1 2001
a Счастье
d Felicita
1 700 1
a Аль Бано
1 700 1
a Пауэр
b Р.
464 Аналитический уровень _0
1 2001
a Буду ждать тебя
e из кф. "Шербурские зонтики"
1 700 1
a Легран
b М.
1 50010
a Шербурские зонтики
464 Аналитический уровень _0
1 2001
a Крылья мельниц
1 700 1
a Легран
b М.
464 Аналитический уровень _0
1 2001
a Мелодия
e из кф. "Эмманюэль"
1 700 1
a Лей
b Ф.
1 50010
a Эмманюэль
464 Аналитический уровень _0
1 2001
a Мелодия из кинофильма "Мужчина и женщина"
1 700 1
a Лей
b Ф.
1 50010
a Мужчина и женщина
464 Аналитический уровень _0
1 2001
a Если тебя не было бы
d Et Si Tu N'existais Pas
1 700 1
a Кутуньо
b С.
1 700 1
a Лозито
b П.
512 Заглавие обложки 1_
a Заглавие обложки Массовая музыкальная культура
606 Тематические рубрики 0_
a Основная рубрика Фортепианная музыка зарубежная
x Основная подрубрика Популярная музыка
610 Ключевые слова 0_
a Ключевые слова фортепианная музыка зарубежная
610 Ключевые слова 0_
a Ключевые слова популярные произведения
686 Индексы других классификаций __
a Классификационный индекс 85.954.2-09я43(3)
a Классификационный индекс 85.952.42-09я43(3)
2 Код системы rubbk
801 Источник записи _0
a Страна RU
b Организация Ульяновская ОНБ
c Дата составления 20161209
g Правила каталогизации RCR
801 Источник записи _1
a Страна RU
b Организация Ульяновская ОНБ
c Дата составления 20161209
g Правила каталогизации RCR
901 Тип документа __
t Тип документа n
w Контрольный № источника RU/УОНБ/EK_N/534593672
909 Создатель записи __
a Создатель записи Грязнова И. Е.
938 Служебная информация __
a Имя БД noti
b Имя библиотеки УОНБ
c Имя АИБС МАРК-SQL
d Номер DOC_ID в БД 15478